Online Catalogue and eLibrary

Yuddaye padam palavipaka saha pasubaseem (Record no. 5266)

MARC details
000 -LEADER
fixed length control field 00420nam a2200157Ia 4500
005 - DATE AND TIME OF LATEST TRANSACTION
control field 20250529022410.0
008 - FIXED-LENGTH DATA ELEMENTS--GENERAL INFORMATION
fixed length control field 240331s9999 xx 000 0 und d
020 ## - INTERNATIONAL STANDARD BOOK NUMBER
ISBN 9789559102878
082 ## - DDC Classification
Item Number - Author Mark RIC
Class No. 303
100 ## - MAIN ENTRY--PERSONAL NAME
Personal name Richadson,J
245 #0 - TITLE STATEMENT
Title Yuddaye padam palavipaka saha pasubaseem
260 ## - PUBLICATION, DISTRIBUTION, ETC.
Place of publication, distribution, etc. Colombo
Name of publisher, distributor, etc. Social Scientists Association
Date of publication, distribution, etc. 2008
300 ## - PHYSICAL DESCRIPTION
Extent (e.g. Volumes, Pages etc.) 46 p .,
500 ## - GENERAL NOTE
General note consequences and setbacks
942 ## - Koha item type (Biblio)
Koha item type Books in Stacks (Lending)
Holdings
Lost status Damaged status Collection code Home library Current library Shelving location Date acquired Full call number Accession Number Item type
    Lending WERC Library WERC Library Social Science Cupboard 03/31/2024 303.6 RIC 6257 Books in Stacks (Lending)

© WERC Library